| 000 | 01268cab a22002415a 4500 | ||
|---|---|---|---|
| 001 | L154131 | ||
| 008 | 111018e20111014xxk 000 0 eng d | ||
| 035 | _a(Sirsi) u154131 | ||
| 041 | 0 | _aeng | |
| 100 | 1 | _aEade, Christine | |
| 245 | 0 | 0 |
_aMarkets _bBristol, Bath and Swindon |
| 260 | _c2011 | ||
| 490 | 0 |
_aProperty Week _v77(41) 14 October 2011, 47-58(6) |
|
| 520 | _aCharles Street Buildings Group purchases Environment Agency's national headquarters in Bristol for £31m. Defence workers' exodus from Bath after 2013 will release 88 acres which could accommodate 1 240 homes. Bristol office take-up for Q3 2011 is 80 000 sq ft down from 112 000 sq ft for Q3 2010 and empty grade A offices stand at 30 800 sq ft. Queensbury and Aviva Investors are set to open a restaurant quarter in the vaults beneath Bath Spa station. Ashfield Land soldiers on with its Swindon Regent Circus development after its joint venture partner, Parkridge Holdings, goes into administration. | ||
| 590 | _aKA | ||
| 651 | 4 | _aBath | |
| 651 | 4 | _aBristol | |
| 651 | 4 | _aSwindon | |
| 690 | _aPROPERTY-COMMERCIAL PROPERTY-COMMERCIAL PROPERTY MARKET | ||
| 690 | _aPROPERTY-COMMERCIAL PROPERTY-COMMERCIAL PROPERTY FINANCE AND INVESTMENT | ||
| 700 | 1 | _aBothamley, Michael | |
| 942 | _n0 | ||
| 999 |
_c83504 _d83504 |
||